00723nam a2200229Ia 4500003000900000008004100009040001300050040001300063041000800076100001700084245004800101250001000149260000900159260000900168300001100177300001000188490000600198600008400204942000700288999001700295952018100312IT-RoPAU120407s9999 xx 000 0 und d aIT-RoPAU cIT-RoPAU aita aAlbino Ronco aIntroduzione alla psicologia, 2 vol. 2a ed. aRoma  aLas  c1971 a181 p. c24 cm v1 a"1° v. Psicologia dinamica 216 p. 2° v. Conoscenza e apprendimento 181 p." cBK c27445d27445 00102ddc406150_48000000000000071aPAULUSbPAULUSd2012-04-11l0o150.48r2012-04-11 00:00:00w2012-04-11yBKzInserito da: In data: n.d. fondo: Via A.Severo 56 Progr:15734